00245nam a2200109Ia 4500008004100000100001700041245002300058260001800081650001200099942000700111999001700118190216s9999||||xx |||||||||||||| ||und|| aHarman Singh 0aPrinciples Of Heat bAtmaram &sons aPhysics cBK c33025d33025